00366pab a2200121 454500008004000000100002700040245006500067260000900132300001300141362001200154650004400166773003400210180718b1985 xxu||||| |||| 00| 0 eng d aDas Gupta, Ranajit Das aPeasants, workers and freedom struggle - Jalpaiguri, 1945-47 c1985 aPE-42-52 a27 July aPeasant Uprisings - India - West Bengal aEconomic and Political Weekly